[Event "EU-ch Cities&Town op"]
[Site "Tornelo INT"]
[Date "2023.01.29"]
[Round "?"]
[White "Jugaru, Lucian"]
[Black "Ozveren, Ali Bulent"]
[Result "1-0"]
[WhiteElo "1839"]
[BlackElo "1718"]
[PlyCount "87"]
[EventDate "2023.01.29"]
[EventType "team-swiss"]
[EventRounds "9"]
[EventCountry "NET"]
[SourceTitle "CBM 212 Extra"]
[Source "ChessBase"]
[SourceDate "2023.03.31"]
[SourceVersion "1"]
[SourceVersionDate "2023.03.31"]
[SourceQuality "1"]
[WhiteTeam "Galati CSM"]
[BlackTeam "Istanbul Seniors"]
[WhiteTeamCountry "ROU"]
[BlackTeamCountry "TUR"]

1. e4 c5 2. Nc3 Nc6 3. g3 g6 4. Bg2 Bg7 5. f4 e6 6. Nf3 Nge7 7. 0-0 d5 8. e5 0-0 9. Ne2 d4 10. d3 b6 11. g4 Bb7 12. Ng3 Nd5 13. Qe2 Qc7 14. h4 Rae8 15. h5 f6 16. hxg6 hxg6 17. Nh4 fxe5 18. Nxg6 Rxf4 19. Bxf4 Nxf4 20. Nxf4 exf4 21. Nh5 Be5 22. Qe4 Rf8 23. Qg6+ Bg7 24. Be4 Rf7 25. Qxe6 Nd8 26. Qe8+ Rf8 27. Qg6 Bxe4 28. dxe4 f3 29. g5 Rf7 30. Rf2 Nc6 31. Nf6+ Kf8 32. Nh7+ Kg8 33. Nf6+ Kf8 34. Nd5 Qg3+ 35. Kf1 Qh3+ 36. Ke1 Qh1+ 37. Kd2 Qxa1 38. Qxc6 Kg8 39. Qe8+ Bf8 40. Rxf3 Rxf3 41. Ne7+ Kh8 42. Qh5+ Kg7 43. Qg6+ Kh8 44. Qg8# 1-0

[Event "EU-ch Cities&Town op"]
[Site "Tornelo INT"]
[Date "2023.01.29"]
[Round "?"]
[White "Ozveren, Ali Bulent"]
[Black "Verdier, Patrice"]
[Result "1/2-1/2"]
[WhiteElo "1718"]
[BlackElo "1996"]
[PlyCount "90"]
[EventDate "2023.01.29"]
[EventType "team-swiss"]
[EventRounds "9"]
[EventCountry "NET"]
[SourceTitle "CBM 212 Extra"]
[Source "ChessBase"]
[SourceDate "2023.03.31"]
[SourceVersion "1"]
[SourceVersionDate "2023.03.31"]
[SourceQuality "1"]
[WhiteTeam "Istanbul Seniors"]
[BlackTeam "Monte Carlo"]
[WhiteTeamCountry "TUR"]
[BlackTeamCountry "MNC"]

1. Nf3 Nf6 2. g3 d5 3. Bg2 c6 4. 0-0 Bf5 5. c4 h6 6. cxd5 cxd5 7. d4 Nc6 8. Qb3 Qc8 9. Bf4 e6 10. Rc1 Be7 11. Ne5 0-0 12. Qa4 g5 13. Nxc6 bxc6 14. Be5 Qb7 15. Nc3 Rfc8 16. Bxf6 Bxf6 17. e4 Bg6 18. e5 Be7 19. b3 c5 20. Ne2 Bd3 21. Bf1 Bb5 22. Qa5 Bxe2 23. Bxe2 cxd4 24. Qd2 Bc5 25. h4 Qe7 26. hxg5 Qxg5 27. Qxg5+ hxg5 28. Ba6 Rc7 29. b4 Bb6 30. Rxc7 Bxc7 31. f4 gxf4 32. gxf4 Bb6 33. Rc1 Kg7 34. Kg2 Rh8 35. a4 f6 36. a5 Bd8 37. Rc6 fxe5 38. fxe5 Rh5 39. Rxe6 Kf7 40. Rd6 Be7 41. Rxd5 Bxb4 42. e6+ Kg6 43. Rxh5 Kxh5 44. Kf3 Kg6 45. Ke4 Kf6 1/2-1/2

[Event "TUR Cup"]
[Site "Antalya"]
[Date "2019.01.31"]
[Round "8"]
[White "Ozveren, Ali Bulent"]
[Black "Kiraz, Yigit"]
[Result "1/2-1/2"]
[WhiteElo "1906"]
[BlackElo "1673"]
[PlyCount "148"]
[EventDate "2019.01.27"]
[EventType "swiss"]
[EventRounds "11"]
[EventCountry "TUR"]
[SourceTitle "CBM 188 Extra"]
[Source "ChessBase"]
[SourceDate "2019.02.26"]
[SourceVersion "1"]
[SourceVersionDate "2019.02.26"]
[SourceQuality "1"]

1. Nf3 Nf6 2. c4 g6 3. b3 Bg7 4. Bb2 0-0 5. e3 c5 6. Be2 d6 7. 0-0 Bd7 8. d3 b5 9. cxb5 Bxb5 10. Nc3 Bc6 11. d4 cxd4 12. Nxd4 Bb7 13. Bf3 Qd7 14. Bxb7 Qxb7 15. Rc1 Rc8 16. Qe2 Nc6 17. Na4 Nxd4 18. Bxd4 Ne4 19. Bxg7 Kxg7 20. f3 Nf6 21. e4 Rxc1 22. Rxc1 Rc8 23. Rxc8 Qxc8 24. Qd2 Qc7 25. Qc3 Qxc3 26. Nxc3 a6 27. Kf2 Kf8 28. Ke3 Ke8 29. Nd5 Nxd5+ 30. exd5 Kd7 31. b4 Kc7 32. Kd4 e6 33. f4 Kb6 34. a4 Kc7 35. g4 h6 36. h4 h5 37. gxh5 gxh5 38. dxe6 fxe6 39. Ke4 Kc6 40. f5 d5+ 41. Ke5 exf5 42. Kxf5 Kd6 43. Kf4 Ke6 44. Ke3 Ke7 45. Kd4 Kd6 46. Kc3 Kc7 47. Kd3 Kd7 48. Ke3 Ke6 49. Kf4 Kd6 50. Kf5 Kd7 51. Kg5 Ke6 52. Kf4 Kd6 53. Kf5 Kd7 54. Ke5 Kc6 55. Kd4 Kd6 56. b5 axb5 57. axb5 Kc7 58. Kxd5 Kb6 59. Kc4 Kb7 60. Kc5 Kc7 61. Kc4 Kb7 62. Kc5 Kc7 63. b6+ Kb7 64. Kb5 Kb8 65. Kc6 Kc8 66. Kd6 Kb7 67. Kc5 Kb8 68. Kd5 Kb7 69. Ke5 Kxb6 70. Kf5 Kc6 71. Kg6 Kd7 72. Kf7 Kd8 73. Kf8 Kd7 74. Kg7 Ke8 1/2-1/2

[Event "TUR Cup"]
[Site "Antalya"]
[Date "2019.01.30"]
[Round "6"]
[White "Ozveren, Ali Bulent"]
[Black "Yeke, Serkan"]
[Result "0-1"]
[WhiteElo "1906"]
[BlackElo "2117"]
[PlyCount "120"]
[EventDate "2019.01.27"]
[EventType "swiss"]
[EventRounds "11"]
[EventCountry "TUR"]
[SourceTitle "CBM 188 Extra"]
[Source "ChessBase"]
[SourceDate "2019.02.26"]
[SourceVersion "1"]
[SourceVersionDate "2019.02.26"]
[SourceQuality "1"]

1. Nf3 Nf6 2. c4 c5 3. g3 b6 4. Bg2 Bb7 5. 0-0 e6 6. Nc3 d6 7. d4 cxd4 8. Nxd4 Bxg2 9. Kxg2 a6 10. Bg5 Be7 11. Qa4+ Qd7 12. Rfd1 Ra7 13. Rac1 0-0 14. Qxd7 Rxd7 15. b3 Rc8 16. Na4 Rb7 17. Nc3 h6 18. Bxf6 Bxf6 19. Ne4 Be7 20. Rc2 Rd8 21. Nc3 Rc7 22. e4 Rdc8 23. a4 Nd7 24. f3 g6 25. Rb2 Bf8 26. Nde2 Ne5 27. Rbd2 Nc6 28. Nf4 Na5 29. Rb1 Nb7 30. Na2 b5 31. axb5 axb5 32. cxb5 Rc5 33. Nd3 Rxb5 34. Rc1 Ra8 35. b4 Bg7 36. Nc3 Rb6 37. Ra2 Rc8 38. Nd5 Rxc1 39. Nxb6 Rc3 40. Ra8+ Kh7 41. Nf2 Bd4 42. Ra7 Rc7 43. Na8 Rc2 44. Rxb7 Rxf2+ 45. Kh3 Rxf3 46. b5 h5 47. Nc7 Kh6 48. Kg2 Rf2+ 49. Kh1 g5 50. h4 gxh4 51. gxh4 Rf4 52. Ne8 Bc5 53. e5 dxe5 54. Kg2 Kg6 55. Rc7 Rf2+ 56. Kg3 Bd4 57. Rc4 Rb2 58. Nd6 f5 59. Rc8 e4 60. Rg8+ Kh7 0-1

[Event "Istanbul op-A"]
[Site "Istanbul"]
[Date "2018.09.05"]
[Round "6"]
[White "Kelpetin, Umut Can"]
[Black "Ozveren, Ali Bulent"]
[Result "0-1"]
[WhiteElo "1798"]
[BlackElo "1849"]
[PlyCount "64"]
[EventDate "2018.09.02"]
[EventType "swiss"]
[EventRounds "9"]
[EventCountry "TUR"]
[SourceTitle "CBM 186 Extra"]
[Source "ChessBase"]
[SourceDate "2018.08.24"]
[SourceVersion "1"]
[SourceVersionDate "2018.08.24"]
[SourceQuality "1"]

1. e4 c6 2. d4 g6 3. Nc3 Bg7 4. Bc4 e6 5. d5 b5 6. Bb3 b4 7. Na4 Qh4 8. Qf3 Nf6 9. Bf4 0-0 10. 0-0-0 cxd5 11. exd5 Bb7 12. g3 Qh5 13. Qxh5 gxh5 14. Nc5 Bxd5 15. Bxd5 Nxd5 16. Bd6 Rc8 17. Ne2 Rc6 18. Bxb8 Rxb8 19. Nb3 Rc7 20. Kb1 Nb6 21. Rc1 Na4 22. Ned4 Rc4 23. Rhd1 h4 24. f4 hxg3 25. hxg3 d5 26. Na5 Rbc8 27. Nxc4 Rxc4 28. c3 bxc3 29. b3 c2+ 30. Rxc2 Nc3+ 31. Kc1 Nxa2+ 32. Kb2 Bxd4+ 0-1

[Event "Istanbul op-A"]
[Site "Istanbul"]
[Date "2018.09.03"]
[Round "3"]
[White "Ozveren, Ali Bulent"]
[Black "Tirak, Mert"]
[Result "0-1"]
[WhiteElo "1849"]
[BlackElo "1941"]
[PlyCount "78"]
[EventDate "2018.09.02"]
[EventType "swiss"]
[EventRounds "9"]
[EventCountry "TUR"]
[SourceTitle "CBM 186 Extra"]
[Source "ChessBase"]
[SourceDate "2018.08.24"]
[SourceVersion "1"]
[SourceVersionDate "2018.08.24"]
[SourceQuality "1"]

1. e4 c5 2. Nc3 a6 3. g3 b5 4. Bg2 Bb7 5. d3 e6 6. Nge2 b4 7. Nb1 d5 8. 0-0 Nf6 9. Nd2 Nc6 10. exd5 Nxd5 11. Nc4 Be7 12. Nf4 Nb6 13. Ne5 Qc7 14. Nxf7 Kxf7 15. Nxe6 Kxe6 16. Re1+ Kf7 17. Bf4 Qd7 18. c3 g6 19. Qb3+ Kg7 20. cxb4 Nd4 21. Be5+ Bf6 22. Bxd4 Bxd4 23. bxc5 Bxg2 24. Kxg2 Bxc5 25. Re4 Rad8 26. Rc1 Bd4 27. Qb4 Rhe8 28. Rce1 Rxe4 29. Rxe4 Qd6 30. Qe1 Qd5 31. f3 Bf6 32. Qe3 Nc8 33. Rc4 Nd6 34. Rc7+ Nf7 35. Qa7 Qxa2 36. Kh3 Qe6+ 37. g4 Rxd3 38. Qb7 h5 39. Rc2 Qxg4# 0-1

[Event "TUR Cup										"]
[Site "Antalya"]
[Date "2018.02.02"]
[Round "10"]
[White "Toren, Kadir"]
[Black "Ozveren, Ali Bulent"]
[Result "1-0"]
[WhiteElo "1660"]
[BlackElo "1843"]
[PlyCount "145"]
[EventDate "2018.01.27"]
[EventType "swiss"]
[EventRounds "11"]
[EventCountry "TUR"]
[SourceTitle "CBM 182 Extra"]
[Source "ChessBase"]
[SourceDate "2018.02.23"]
[SourceVersion "1"]
[SourceVersionDate "2018.02.23"]
[SourceQuality "1"]

1. c3 c5 2. g3 Nc6 3. Bg2 Nf6 4. e3 d5 5. Ne2 e5 6. d4 Be7 7. dxe5 Nxe5 8. Nf4 Bg4 9. Qa4+ Bd7 10. Qb3 Bc6 11. 0-0 0-0 12. Rd1 c4 13. Qc2 Qc7 14. Nd2 Rad8 15. Nf3 Nxf3+ 16. Bxf3 d4 17. Bxc6 d3 18. Qa4 Qxc6 19. Qxc6 bxc6 20. b3 g5 21. Ng2 Ne4 22. Bb2 Rb8 23. f3 Nc5 24. Ba3 Rfd8 25. bxc4 Kf8 26. Bxc5 Bxc5 27. Rd2 Bb6 28. Kf2 f5 29. h4 h6 30. hxg5 hxg5 31. f4 gxf4 32. Nxf4 Kf7 33. Rxd3 Rxd3 34. Nxd3 Re8 35. c5 Bc7 36. Rd1 Rg8 37. Nf4 Bxf4 38. gxf4 Ke7 39. Rd6 Rb8 40. Kf3 Rb2 41. a4 Ra2 42. Rd4 Ra3 43. Rc4 Ke6 44. e4 Ra1 45. Rd4 fxe4+ 46. Kxe4 Re1+ 47. Kd3 Ra1 48. Kc2 a5 49. Kb2 Rf1 50. Rd6+ Kf5 51. Rxc6 Rxf4 52. Kb3 Ke5 53. Ra6 Kd5 54. Rxa5 Kc6 55. Rb5 Rf1 56. Kb4 Rb1+ 57. Kc4 Ra1 58. Rb6+ Kc7 59. Kb5 Rb1+ 60. Ka5 Rc1 61. Rb3 Kc6 62. Kb4 Rh1 63. a5 Rh4+ 64. c4 Rh8 65. a6 Rb8+ 66. Ka4 Ra8 67. Ka5 Kxc5 68. Rb6 Ra7 69. Rb7 Ra8 70. a7 Rh8 71. Rb8 Rh1 72. Rb5+ Kxc4 73. Rb4+ 1-0

[Event "TUR Cup										"]
[Site "Antalya"]
[Date "2018.01.31"]
[Round "7"]
[White "Ozveren, Ali Bulent"]
[Black "Sahin, Taha"]
[Result "1-0"]
[WhiteElo "1843"]
[BlackElo "1558"]
[PlyCount "69"]
[EventDate "2018.01.27"]
[EventType "swiss"]
[EventRounds "11"]
[EventCountry "TUR"]
[SourceTitle "CBM 182 Extra"]
[Source "ChessBase"]
[SourceDate "2018.02.23"]
[SourceVersion "1"]
[SourceVersionDate "2018.02.23"]
[SourceQuality "1"]

1. e4 c5 2. Nc3 Nc6 3. g3 g6 4. Bg2 Bg7 5. d3 d6 6. Nge2 e6 7. 0-0 Nge7 8. Be3 Nd4 9. Qd2 0-0 10. Nd1 Rb8 11. Nc1 b5 12. c3 Ndc6 13. Bh6 a5 14. Bxg7 Kxg7 15. Ne2 a4 16. Ne3 d5 17. exd5 exd5 18. d4 c4 19. Nf4 Be6 20. a3 Na7 21. Rfe1 h5 22. h4 Rb6 23. Bf3 Rh8 24. Re2 Rd6 25. Rae1 Bf5 26. Nxf5+ Nxf5 27. Re5 f6 28. Rxd5 Re8 29. Kg2 Rxd5 30. Bxd5 Rxe1 31. Qxe1 Qd6 32. Qe8 Nxh4+ 33. gxh4 Qxf4 34. Qg8+ Kh6 35. Qh8# 1-0

[Event "TUR Cup										"]
[Site "Antalya"]
[Date "2018.01.28"]
[Round "3"]
[White "Ozveren, Ali Bulent"]
[Black "Acar, Kaan"]
[Result "1-0"]
[WhiteElo "1843"]
[BlackElo "1453"]
[PlyCount "65"]
[EventDate "2018.01.27"]
[EventType "swiss"]
[EventRounds "11"]
[EventCountry "TUR"]
[SourceTitle "CBM 182 Extra"]
[Source "ChessBase"]
[SourceDate "2018.02.23"]
[SourceVersion "1"]
[SourceVersionDate "2018.02.23"]
[SourceQuality "1"]

1. e4 c5 2. Nc3 g6 3. g3 Bg7 4. Bg2 Nc6 5. d3 d6 6. Nge2 Nf6 7. f4 0-0 8. 0-0 e5 9. h3 Nd4 10. Be3 Nh5 11. f5 h6 12. g4 Nxe2+ 13. Nxe2 Nf6 14. Qd2 Kh7 15. Ng3 g5 16. Bf3 Rg8 17. Rf2 Ne8 18. Nh5 Nf6 19. Ng3 Ne8 20. Rh2 Bf6 21. Kf2 Qb6 22. c3 Ng7 23. Rah1 Qd8 24. Ne2 b5 25. h4 gxh4 26. Bxh6 Ne8 27. g5 Bg7 28. Rxh4 Bxh6 29. g6+ Kg7 30. Qxh6+ Kf6 31. Rg1 Ke7 32. gxf7 Kxf7 33. Bh5+ 1-0

[Event "TUR Cup										"]
[Site "Antalya"]
[Date "2018.01.27"]
[Round "1"]
[White "Ozveren, Ali Bulent"]
[Black "Ilbay, Hakki"]
[Result "1/2-1/2"]
[WhiteElo "1843"]
[BlackElo "1470"]
[PlyCount "82"]
[EventDate "2018.01.27"]
[EventType "swiss"]
[EventRounds "11"]
[EventCountry "TUR"]
[SourceTitle "CBM 182 Extra"]
[Source "ChessBase"]
[SourceDate "2018.02.23"]
[SourceVersion "1"]
[SourceVersionDate "2018.02.23"]
[SourceQuality "1"]

1. d4 d5 2. Nf3 Nf6 3. Bg5 Ne4 4. Bf4 Bf5 5. Nbd2 e6 6. e3 Bd6 7. Bd3 Bxf4 8. exf4 Nd6 9. Qe2 0-0 10. 0-0 Nc6 11. c3 Re8 12. Rfe1 Qf6 13. Ne5 Bxd3 14. Nxd3 Rad8 15. g3 a6 16. Ne5 Ne7 17. Nb3 Qf5 18. Nc5 Qh3 19. Qf1 Qf5 20. Re2 a5 21. a4 h5 22. Nf3 b6 23. Nb3 Nc4 24. Ne5 Nd6 25. Nd2 Ng6 26. Qb1 Qxb1+ 27. Rxb1 Ne7 28. Kg2 g6 29. h3 Kg7 30. Nef3 Nb7 31. b4 axb4 32. cxb4 Ra8 33. Ra1 c5 34. bxc5 bxc5 35. Nb1 c4 36. Nc3 Na5 37. Nb5 Rec8 38. Rc2 Nb3 39. Ra3 Rcb8 40. Rca2 Nc1 41. Rb2 Nb3 1/2-1/2

[Event "TUR Cup"]
[Site "Antalya"]
[Date "2017.01.29"]
[Round "2"]
[White "Karasu, Tayfun"]
[Black "Ozveren, Ali Bulent"]
[Result "0-1"]
[WhiteElo "1518"]
[BlackElo "1899"]
[PlyCount "146"]
[EventDate "2017.01.28"]
[EventType "swiss"]
[EventRounds "11"]
[EventCountry "TUR"]
[SourceTitle "CBM 176 Extra"]
[Source "ChessBase"]
[SourceDate "2017.03.02"]
[SourceVersion "1"]
[SourceVersionDate "2017.03.02"]
[SourceQuality "1"]

1. e4 Nf6 2. e5 Nd5 3. c4 Nb6 4. d4 d6 5. f4 g6 6. Be3 Bg7 7. Nc3 0-0 8. Bd3 dxe5 9. dxe5 Nc6 10. Nf3 Nb4 11. Be2 Bf5 12. Nd4 Bd7 13. a3 Na6 14. 0-0 c5 15. Nf3 Bc6 16. Qc2 Nd7 17. Rad1 Re8 18. Rd2 Qa5 19. Rfd1 Nf8 20. Bf2 Ne6 21. g3 Rad8 22. Rxd8 Rxd8 23. Rxd8+ Qxd8 24. Qd2 Qxd2 25. Nxd2 Nac7 26. Bf3 Bxf3 27. Nxf3 b6 28. b3 f6 29. exf6 Bxf6 30. Ne4 Bb2 31. a4 h6 32. Kf1 Kf7 33. Ke2 Ne8 34. Kd3 Nf6 35. h3 Nd7 36. Be3 Nd8 37. Nc3 Nc6 38. Bd2 Nb4+ 39. Ke2 Nc6 40. Nd5 Bg7 41. Kd3 e6 42. Ne3 h5 43. g4 hxg4 44. hxg4 Nd4 45. Nxd4 cxd4 46. Nc2 Nc5+ 47. Ke2 d3+ 48. Kd1 dxc2+ 49. Kxc2 a5 50. b4 axb4 51. Bxb4 Nxa4 52. Bd6 Nc5 53. Bc7 Nd7 54. Kd3 Bf8 55. Ke4 Nf6+ 56. Kf3 Bc5 57. Bd8 Ne8 58. Ke4 Nd6+ 59. Kd3 Nb7 60. Bc7 Na5 61. Be5 Nc6 62. Bc3 Ne7 63. Ke4 Nc8 64. Bd2 Nd6+ 65. Kd3 Bg1 66. Bc3 Nb7 67. Be5 Nc5+ 68. Kc3 Ne4+ 69. Kb4 Ke7 70. Kb5 Kd7 71. Bg7 Bc5 72. Ka4 Nf2 73. g5 Nd3 0-1

[Event "Istanbul op"]
[Site "Istanbul"]
[Date "2016.08.30"]
[Round "2"]
[White "Ozen, Bahadir"]
[Black "Ozveren, Ali Bulent"]
[Result "1-0"]
[WhiteElo "2306"]
[BlackElo "1911"]
[PlyCount "61"]
[EventDate "2016.08.29"]
[EventType "swiss"]
[EventRounds "9"]
[EventCountry "TUR"]
[SourceTitle "CBM 174 Extra"]
[Source "ChessBase"]
[SourceDate "2016.10.10"]
[SourceVersion "1"]
[SourceVersionDate "2016.10.10"]
[SourceQuality "1"]

1. b3 e5 2. Bb2 Nc6 3. e3 Nf6 4. Bb5 Bd6 5. Nh3 a6 6. Be2 0-0 7. 0-0 Re8 8. c4 Bf8 9. Nc3 d6 10. Ng5 h6 11. Nge4 Nxe4 12. Nxe4 g6 13. f4 f5 14. Nc3 Bg7 15. fxe5 dxe5 16. g4 Kh8 17. Kh1 Be6 18. gxf5 Bxf5 19. Rg1 e4 20. Bg4 Ne5 21. Bxf5 Nd3 22. Qe2 gxf5 23. Rxg7 Kxg7 24. Nd5+ Nxb2 25. Rg1+ Kh8 26. Qh5 Re6 27. Qf7 Qf8 28. Qxe6 Re8 29. Qg6 Nd3 30. Nf6 Nf2+ 31. Kg2 1-0

[Event "TUR Cup 1516"]
[Site "Manavgat"]
[Date "2016.02.06"]
[Round "11"]
[White "Sarikaya, Ergun"]
[Black "Ozveren, Ali Bulent"]
[Result "0-1"]
[WhiteElo "1839"]
[BlackElo "1953"]
[PlyCount "62"]
[EventDate "2016.01.30"]
[EventType "swiss"]
[EventRounds "11"]
[EventCountry "TUR"]
[SourceTitle "EXT 2018"]
[Source "ChessBase"]
[SourceDate "2017.10.13"]
[SourceVersion "1"]
[SourceVersionDate "2017.10.13"]
[SourceQuality "1"]

1. e4 c5 2. Nf3 d6 3. d4 cxd4 4. Nxd4 Nf6 5. Nc3 a6 6. Be3 e5 7. Nb3 Be7 8. f3 0-0 9. Qd2 Be6 10. Be2 Nbd7 11. 0-0 Nb6 12. Rfd1 Rc8 13. Rac1 d5 14. exd5 Nbxd5 15. Nxd5 Nxd5 16. Qe1 Qc7 17. Bd2 Qb6+ 18. Qf2 Qxf2+ 19. Kxf2 Nb4 20. Bxb4 Bxb4 21. c3 Be7 22. Bd3 Rc7 23. Re1 f6 24. Rcd1 Rd8 25. Bc2 Rxd1 26. Rxd1 Kf7 27. g3 f5 28. Nc1 Bc5+ 29. Ke2 Kf6 30. Bb3 Bd7 31. Nd3 e4 0-1

[Event "Manavgat Turkey Cup"]
[Site "Manavgat"]
[Date "2016.01.31"]
[Round "2"]
[White "Atas, Remzi"]
[Black "Ozveren, Ali Bulent"]
[Result "0-1"]
[WhiteElo "1498"]
[BlackElo "1953"]
[PlyCount "66"]
[EventDate "2016.01.30"]
[EventType "swiss"]
[EventRounds "11"]
[EventCountry "TUR"]
[SourceTitle "CBM 170 Extra"]
[Source "ChessBase"]
[SourceDate "2016.02.25"]
[SourceVersion "1"]
[SourceVersionDate "2016.02.25"]
[SourceQuality "1"]

1. Nf3 Nf6 2. g3 g6 3. Bg2 Bg7 4. 0-0 0-0 5. d3 c5 6. e4 Nc6 7. c3 d5 8. Nbd2 Bg4 9. h3 Bxf3 10. Bxf3 Qd7 11. Bg2 Rfd8 12. Qe2 e5 13. Rd1 d4 14. Nf3 h6 15. cxd4 cxd4 16. Bd2 Rac8 17. Rac1 Qe6 18. b3 Bf8 19. Rc2 Nb4 20. Bxb4 Bxb4 21. Rdc1 Rc3 22. Rxc3 Bxc3 23. Nh2 Kg7 24. f4 exf4 25. gxf4 Nd5 26. Qf3 Nb4 27. a3 Bd2 28. Rc4 Be3+ 29. Kf1 Nxd3 30. f5 Qd6 31. Ng4 Qxa3 32. Nxe3 dxe3 33. Qd1 e2+ 0-1

[Event "Istanbul Kartal op"]
[Site "Istanbul"]
[Date "2015.06.25"]
[Round "5"]
[White "Gultekin, Celal"]
[Black "Ozveren, Ali Bulent"]
[Result "1/2-1/2"]
[WhiteElo "1614"]
[BlackElo "1969"]
[PlyCount "116"]
[EventDate "2015.06.23"]
[EventType "swiss"]
[EventRounds "9"]
[EventCountry "TUR"]
[SourceTitle "CBM 167 Extra"]
[Source "ChessBase"]
[SourceDate "2015.09.14"]
[SourceVersion "1"]
[SourceVersionDate "2015.09.14"]
[SourceQuality "1"]

1. d4 Nf6 2. c4 e6 3. Nf3 Bb4+ 4. Bd2 Qe7 5. a3 Bxd2+ 6. Nbxd2 d6 7. e4 e5 8. Bd3 0-0 9. 0-0 a5 10. Re1 Nc6 11. d5 Nb8 12. Qc2 Na6 13. Qc3 Nc5 14. b4 Na4 15. Qc2 Bd7 16. Nb3 axb4 17. axb4 b6 18. Ra2 Rfb8 19. Rea1 Qd8 20. b5 Nc5 21. Nxc5 bxc5 22. Ra7 Rxa7 23. Rxa7 Ra8 24. Qa2 Rxa7 25. Qxa7 Be8 26. g3 Nd7 27. Kg2 Qb8 28. Qxb8 Nxb8 29. Nd2 Kf8 30. f4 f6 31. Be2 Nd7 32. f5 Nb6 33. g4 Na4 34. h4 Ke7 35. Kf2 h6 36. Ke3 Nb6 37. Kd3 Kd8 38. Kc3 Ke7 39. Kb3 Bd7 40. Nf3 Be8 41. h5 Bd7 42. Bd1 Kd8 43. Nd2 Kc8 44. Nf3 Be8 45. Nh2 Nd7 46. Be2 Kb7 47. Ka4 Kb6 48. Nf3 Nf8 49. Nd2 Bd7 50. Bf1 Be8 51. Nb3 Nh7 52. Bg2 Nf8 53. Ka3 Nd7 54. Bf1 Nb8 55. Be2 Ka7 56. Na5 Kb6 57. Nc6 Nxc6 58. bxc6 Bf7 1/2-1/2

[Event "Albena Masters op"]
[Site "Albena"]
[Date "2014.06.08"]
[Round "8"]
[White "Ozveren, Ali Bulent"]
[Black "Voiska, Margarita"]
[Result "0-1"]
[WhiteElo "2030"]
[BlackElo "2285"]
[PlyCount "68"]
[EventDate "2014.06.01"]
[EventType "swiss"]
[EventRounds "9"]
[EventCountry "BUL"]
[SourceTitle "CBM 160 Extra"]
[Source "ChessBase"]
[SourceDate "2014.07.01"]
[SourceVersion "1"]
[SourceVersionDate "2014.07.01"]
[SourceQuality "1"]

1. e4 g6 2. d4 Bg7 3. Nc3 c6 4. Nf3 d5 5. h3 Nh6 6. Be2 f6 7. 0-0 Nf7 8. Re1 0-0 9. Bf1 e6 10. b3 Re8 11. Bb2 b6 12. g3 Bb7 13. Bg2 Na6 14. a3 Nc7 15. exd5 cxd5 16. Ne2 e5 17. dxe5 fxe5 18. Nd2 Ne6 19. c4 Nc5 20. Qc2 dxc4 21. Nxc4 Bxg2 22. Kxg2 Qd5+ 23. Kh2 Qd3 24. Qxd3 Nxd3 25. Rf1 b5 26. Bc3 bxc4 27. bxc4 Rac8 28. Rad1 e4 29. Bxg7 Kxg7 30. Rb1 Rxc4 31. Rb7 Rc2 32. Nd4 Ra2 33. Nb5 e3 34. Nd6 Rf8 0-1

[Event "Istanbul op-A 12th"]
[Site "Istanbul"]
[Date "2013.10.13"]
[Round "3"]
[White "Ozveren, Ali Bulent"]
[Black "Erdogan, Hakan"]
[Result "1/2-1/2"]
[WhiteElo "2017"]
[BlackElo "2240"]
[PlyCount "66"]
[EventDate "2013.10.12"]
[EventType "swiss"]
[EventRounds "9"]
[EventCountry "TUR"]
[SourceTitle "EXT 2014"]
[Source "ChessBase"]
[SourceDate "2013.11.20"]
[SourceVersion "1"]
[SourceVersionDate "2013.11.20"]
[SourceQuality "1"]

1. Nf3 c5 2. g3 d5 3. Bg2 Nc6 4. d4 Nf6 5. 0-0 e6 6. c4 dxc4 7. dxc5 Qxd1 8. Rxd1 Bxc5 9. Nbd2 Ng4 10. Ne4 Be7 11. Ned2 Nge5 12. Nxe5 Nxe5 13. Nf3 Nc6 14. Nd4 Bd7 15. Nxc6 Bxc6 16. Bxc6+ bxc6 17. Rd4 Rd8 18. Rxd8+ Bxd8 19. Be3 Bb6 20. Rc1 Bxe3 21. fxe3 Kd7 22. Rxc4 Rb8 23. b3 a5 24. Rd4+ Kc7 25. Kf2 Rb5 26. e4 e5 27. Rc4 Kb6 28. Ke3 c5 29. Kd3 h5 30. h4 g6 31. e3 Rb4 32. Kc3 Kc6 33. a3 Rb7 1/2-1/2

[Event "Albena Masters op"]
[Site "Albena"]
[Date "2013.06.07"]
[Round "7"]
[White "Ozveren, Ali Bulent"]
[Black "Todorov, Ognjan"]
[Result "1/2-1/2"]
[WhiteElo "2000"]
[BlackElo "2285"]
[PlyCount "60"]
[EventDate "2013.06.01"]
[EventType "swiss"]
[EventRounds "9"]
[EventCountry "BUL"]
[SourceTitle "CBM 154 Extra"]
[Source "ChessBase"]
[SourceDate "2013.06.25"]
[SourceVersion "2"]
[SourceVersionDate "2013.06.25"]
[SourceQuality "1"]

1. Nf3 Nf6 2. c4 e6 3. g3 d5 4. Bg2 dxc4 5. Qa4+ Bd7 6. Qxc4 c5 7. d4 Nc6 8. 0-0 b5 9. Qd3 c4 10. Qc2 Rc8 11. a3 Na5 12. Nbd2 Bc6 13. e3 Be7 14. Ne5 Bxg2 15. Kxg2 0-0 16. Ndf3 Nb3 17. Rb1 Qd5 18. Kg1 Ne4 19. Ne1 f6 20. N5f3 a5 21. Ng2 Bd6 22. Nd2 Nexd2 23. Bxd2 e5 24. Bc3 e4 25. Rbd1 b4 26. axb4 axb4 27. Be1 Ra8 28. Nf4 Bxf4 29. gxf4 Rfb8 30. f3 Re8 1/2-1/2

[Event "Albena Masters op"]
[Site "Albena"]
[Date "2013.06.04"]
[Round "4"]
[White "Abdalla, Luiz Guilherme"]
[Black "Ozveren, Ali Bulent"]
[Result "0-1"]
[WhiteElo "2288"]
[BlackElo "2000"]
[PlyCount "82"]
[EventDate "2013.06.01"]
[EventType "swiss"]
[EventRounds "9"]
[EventCountry "BUL"]
[SourceTitle "CBM 154 Extra"]
[Source "ChessBase"]
[SourceDate "2013.06.25"]
[SourceVersion "2"]
[SourceVersionDate "2013.06.25"]
[SourceQuality "1"]

1. d4 Nf6 2. c4 g6 3. Nc3 Bg7 4. e4 d6 5. Nf3 0-0 6. Be2 e5 7. 0-0 Nc6 8. d5 Ne7 9. Ne1 Nd7 10. Be3 f5 11. f3 f4 12. Bf2 g5 13. Rc1 Ng6 14. Nd3 Nf6 15. c5 Rf7 16. Be1 Bf8 17. cxd6 cxd6 18. Nf2 h5 19. h3 Rg7 20. a4 Nh8 21. Nb5 a6 22. Na3 Nf7 23. Nc4 Nh6 24. Ba5 Qe8 25. Nb6 g4 26. Nxa8 gxh3 27. Rxc8 Rxg2+ 28. Kh1 Qg6 29. Ng4 hxg4 30. fxg4 Nhxg4 31. Bxg4 Nxg4 32. Qf3 Rh2+ 33. Kg1 Rxb2 34. Kh1 Nh2 35. Qxh3 Qxe4+ 36. Kg1 Qd4+ 37. Kh1 Qxd5+ 38. Kg1 Qd4+ 39. Kh1 Qe4+ 40. Kg1 Qg6+ 41. Kh1 Nxf1 0-1